000 00470nam a22001817a 4500
003 NUST - PNEC
005 20170116181202.0
008 160217b xxu||||| |||| 00| 0 eng d
020 _a-
040 _cLIBRARY
082 _a891.439 UME
100 _95279
_aUmera Ahmed
245 _a Husna aur husan ara
_cUmaira Ahmad
260 _aLahore:
_bIlm-o-Irfan Publishers;
_c2012
300 _a144 pages
650 _916485
_aUrdu Literature
_xGeneral
942 _2ddc
_cBK
999 _c71501
_d71501